| 000 | 00986nas a2200325 4500 | ||
|---|---|---|---|
| 001 | BR2012009148 | ||
| 003 | BR-BrBNA | ||
| 005 | 20231205121545.0 | ||
| 007 | ta | ||
| 008 | 230509b bl.|||p| |||| 00| 00por d | ||
| 040 |
_aBR-BrBNA _bpor _cBiblioteca Nacional de Agricultura |
||
| 041 | _a(Pt) | ||
| 072 | _aQ03; S20 | ||
| 100 | 1 | _aAndrade, M.M.R. de | |
| 100 | 1 | _aMoraes, F.C. | |
| 100 | 1 | _aNunes, V. | |
| 100 | 1 | _aXimenes, J. | |
| 100 | 1 | _aMocelin, A.F.B. | |
| 100 | 1 | _aFigueiredo, P. de M.S. | |
| 245 | 1 | _aAnálise microbiológica de dietas enterais de dois hospitais públicos de São Luís - MA | |
| 650 | _aDIETA | ||
| 650 | _aCONTAMINAÇÃO | ||
| 650 | _aANÁLISE MICROBIOLÓGICA | ||
| 650 | _aSAÚDE | ||
| 650 | _aADMINISTRAÇÃO DE PESSOAL | ||
| 650 | _aTREINAMENTO | ||
| 773 | 0 |
_tHigiene Alimentar (Brazil) _xISSN 0101-9171 _g(Jul-Aug 2012), v. 26(210-211) p. 115-119 _wBR2012009148 |
|
| 909 |
_a202311 _bLúcia _c55 _dLúcia Elande |
||
| 942 |
_2AGRIS _n0 _cANA |
||
| 999 |
_c224116 _d224116 |
||